01793nam a2200445 i 450000100060000000300080000600500170001400600190003100700150005000800410006502000270010602000180013303500230015103500240017403500250019803500210022304000310024405000200027508200160029510000340031124501590034526400480050430000410055233600310059333700330062433800430065750400280070058801270072859001640085565000440101965000220106365000390108565000160112465500270114070000490116770000330121679700190124985600620126899900170133038425FlNmELB20241216221559.0m o d | cr cnu||||||||141015s2013 ck ob 000 0 spa d a9789587541021 (e-book) z9789587541014 a(MiAaPQ)EBC3224834 a(Au-PeEL)EBL3224834 a(CaPaEBR)ebr10933829 a(OCoLC)991999066 aFINmELBbspaerdacFINmELB 4aHD60bR638 20130 a658.4082231 aRojas Forero, Geisler Dayani.10aGerencia de la responsabilidad social en las organizaciones de hoy /cGeisler Dayani Rojas Forero, Carlos Hernando Ramírez Méndez, John Danna Vélez. 1aIbagué :bUniversidad de Ibagué,c2013. a1 recurso en línea (174 páginas) atextobtxt2rdacontent/spa acomputadorabc2rdamedia/spa arecurso en líneabcr2rdacarrier/spa aIncluye bibliografía. aDescripción basada en recurso en línea; Título de la página del título en PDF (e-libro, visto October 15, 2014). aRecurso electrónico. Santa Fe, Arg.: e-libro, 2015. Disponible vía World Wide Web. El acceso puede estar limitado para las bibliotecas afiliadas a e-libro. 4aResponsabilidad social de los negocios. 4aAdministración. 0aSocial responsibility of business. 0aManagement. 4aLibros electrónicos.1 aRamírez Méndez, Carlos Hernando,eautor.1 aVélez, John Danna,eautor.2 ae-libro, Corp.40uhttps://elibro.net/ereader/politecnicointernacional/70157 c38425d38425